|
|
|
|
| LEADER |
01067nam a2200241 a 4500 |
| 001 |
GR-MES8834 |
| 008 |
001017s1997 gr g 001 0 gre d |
| 020 |
|
|
|a 9605240238
|
| 040 |
|
|
|a GrPaTEI
|b gre
|c GR-PaULI
|
| 040 |
|
|
|a GrPaTEI
|b gre
|c GR-PaULI
|
| 082 |
|
0 |
|a 746.14
|
| 100 |
1 |
|
|a Τζαχίλη, Ιρις
|
| 245 |
1 |
0 |
|a Υφαντική και υφάντρες στο προϊστορικό Αιγαίο 2000-1000 π.χ. /
|c Ιρις Τζαχίλη.
|
| 260 |
|
|
|a Ηράκλειο :
|b Πανεπιστημιακές Εκδόσεις Κρήτης,
|c 1997
|
| 300 |
|
|
|a 328σ. ;
|c 24εκ.
|
| 504 |
|
|
|a Ευρετήριο:σ.319-328
|
| 650 |
|
4 |
|a Υφαντική
|
| 650 |
|
4 |
|a Υφαντουργία και υφάσματα
|
| 650 |
|
4 |
|a ΧΕΙΡΟΤΕΧΝΙΑ [ΤΟΠΟΓΡΑΦΙΚΟ]
|
| 942 |
|
|
|2 ddc
|
| 952 |
|
|
|0 0
|1 0
|2 ddc
|4 0
|6 746_140000000000000_ΤΖΑ
|7 0
|9 279169
|a MSLG
|b MSLG
|c BSC
|d 2021-01-17
|e 24
|f 0
|g 0.00
|l 0
|o 746.14 ΤΖΑ
|p 24200000011219
|r 2021-01-17 00:00:00
|t 1
|w 2021-01-17
|y BK15
|x 20030902 0 1
|x GrPaTEI
|
| 971 |
|
|
|a .b25873052
|b 01-10-20
|c 14-09-16
|
| 999 |
|
|
|c 162627
|d 162627
|